000 01344nam a2200337Ia 4500
001 ebr10135742
003 CaPaEBR
006 m u
007 cr cn|||||||||
008 011113s2002 nyuaf sb 001 0deng d
010 _z 2001058018
020 _z1403982406
020 _z0312293291
040 _aCaPaEBR
_cCaPaEBR
035 _a(OCoLC)560471786
050 1 4 _aF689.L4
_bM66 2002eb
100 1 _aMonhollon, Rusty L.
245 1 0 _a"This is America?"
_h[electronic resource] :
_bthe sixties in Lawrence, Kansas /
_cRusty L. Monhollon.
250 _a1st ed.
260 _aNew York :
_bPalgrave,
_c2002.
300 _axvi, 284 p., [20] p. of plates :
_bill.
504 _aIncludes bibliographical references (p. [265]-272) and index.
533 _aElectronic reproduction.
_bPalo Alto, Calif. :
_cebrary,
_d2009.
_nAvailable via World Wide Web.
_nAccess may be limited to ebrary affiliated libraries.
650 0 _aNineteen sixties.
651 0 _aLawrence (Kan.)
_xPolitics and government
_y20th century.
651 0 _aLawrence (Kan.)
_xRace relations.
651 0 _aLawrence (Kan.)
_xSocial conditions
_y20th century.
655 7 _aElectronic books.
_2local
710 2 _aebrary, Inc.
856 4 0 _uhttp://site.ebrary.com/lib/rucke/Doc?id=10135742
_zAn electronic book accessible through the World Wide Web; click to view
999 _c189339
_d189339